山形県の郡 - Statistics

General Stats
  • This quiz has been taken 12 times
  • The average score is 8 of 8
Answer Stats
郡名 属する町村 % Correct
東村山郡 山辺町・中山町
100%
西村山郡 河北町・西川町・朝日町・大江町
100%
最上郡 金山町・最上町・舟形町・真室川町・大蔵村・鮭川村・戸沢村
100%
東置賜郡 高畠町・川西町
100%
西置賜郡 小国町・白鷹町・飯豊町
100%
飽海郡 遊佐町
100%
北村山郡 大石田町
92%
東田川郡 三川町・庄内町
75%
No matching quizzes found
Score Distribution
Percent of People with Each Score
Percentile by Number Answered
Your Score History
You have not taken this quiz